| 000 | 00633nam a2200229Ia 4500 | ||
|---|---|---|---|
| 003 | OSt | ||
| 005 | 20230331152421.0 | ||
| 008 | 210423s2006 xx 000 0 und d | ||
| 020 | _a978-81-775-8553-7 | ||
| 040 | _cAL | ||
| 041 | _aeng | ||
| 082 |
_a519.54 _223 _bHOGP |
||
| 100 |
_aHOGG (Robert V);TANIS (Elliot A);RAO (Jagan Mohan) _981079 |
||
| 245 | _aProbability and statistical inference Ed 7 | ||
| 250 | _a7 | ||
| 260 |
_aNoida _bPearson Education Pvt Ltd _c2006 |
||
| 300 |
_axix,729 _bPB |
||
| 365 |
_b839 _cINR |
||
| 650 |
_aStatistics _981080 |
||
| 906 | _ainference ; Probability ; statistical | ||
| 942 |
_2ddc _cBK |
||
| 999 |
_c168981 _d168981 |
||